000 00327nam a2200121Ia 4500
008 241015s9999 xx 000 0 und d
041 _aeng
082 _a338.5 DAN
100 _aCecilia Danton
245 _aFundamentals Of Microeconomics
260 _bMurphy & Moore Publishing
_aUnited Kingdom
_c2021
300 _a236;. P. 25 cm
999 _c41613
_d41613